000 00453nam a2200193Ia 4500
008 210210b1950 xxu||||| |||| 00| 0 eng d
041 _aeng
082 _a821/203
100 _aDE LA MARE (Walter)
245 _aInward companion and other poems
260 _aLondon
_bFaber & Faber
_c1950
650 _apoems
650 _aother
650 _aInward
650 _acompanion
650 _aand
690 _aEnglish Literature
906 _a011372
999 _c130047
_d130047